All the Songs from 'Annie' - Statistics

General Stats
  • This quiz has been taken 17 times
  • The average score is 5 of 16
Answer Stats
Songs % Correct
Little Girls
71%
Tomorrow
71%
Easy Street
57%
It's a Hard-Knock Life
57%
Maybe
50%
N.Y.C
50%
I Think I'm Gonna Like it Here
43%
You're never fully dressed without a Smile
29%
Annie
21%
New deal for Christmas
21%
Something was missing
21%
I don't need anything but you
14%
Overture
14%
You Won't be an Orphan for long
14%
Tomorrow (Reprise)
0%
We'd Like to say Thank You, Herbert Hoover
0%
No matching quizzes found
Score Distribution
Percent of People with Each Score
Percentile by Number Answered
Your Score History
You have not taken this quiz